000 00380nam a2200133Ia 4500
008 191206s9999 xx 000 0 und d
020 _a0815338341 (alk. pap
090 _aE98.M34F87
245 0 _afuture of the past: archaeology in the 21st century
260 _aGarland Pub.
260 _cc2001
300 _a"xiii, 252 p. : ill. ; 22 cm."
999 _c16030
_d16030